000 00599nam a2200193Ia 4500
999 _c35429
_d35429
003 OSt
005 20211216164455.0
008 160316s2011 xxu||||| |||| 00| 0 eng d
040 _c.
082 _a343.071 PAT
_bPAT
100 _aPatil Ashok R.
245 _aInsurance and consumer protection: The role of IRDA
260 _aBangalore
_bChair on Consumer Law and Practice, NLSIU
_c2011
300 _a212-
650 _a1. consumer protection - insurance2. life insurance
700 _aMuralisharan Y.G.
_a
856 _uhttp://opac.nls.ac.in:8081/xmlui/handle/123456789/894
942 _2ddc
_cREP